Текст томруулах:    
Reading literature (Бичлэгийн дугаар. 145607)
000 -УДИРДЛАГА
Удирдлага 00634nam a22002537a 4500
003 - ХЯНАЛТЫН ТОО ТОДОРХОЙЛОГЧ
Код MN-UlNUM
005 - БИЧИЛТ ХИЙСЭН ОГНОО
Тухайн бичилтийг бичсэн засварласан сүүлийн огноо 20251114123655.0
008 - ЕРӨНХИЙ МЭДЭЭЛЭЛ
Ерөнхий мэдээлэл 251114s1983 ilu 00| 0 eng d
020 ## - ISBN
ISBN 0866092277
-- 0866092272
040 ## - БИЧЛЭГ ҮҮСГЭГЧ БАЙГУУЛЛАГА
Бичлэг үүсгэгч номын сангийн код МУИС-ийн номын сан
084 ## - ББК АНГИЛАЛ
Нэмэлт тусгалт Сургалтын гарын авлага
ББК ангилал 84(0)
Зохиогчийн гурван тэмдэгт C 46
Мэдлэгийн ялгаа 84 - Уран зохиол
100 ## - ЗОХИОГЧ
Зохиогчийн нэр Chaparro, Jacqueline L
245 ## - ҮНДСЭН ГАРЧИГ
Номын нэр Reading literature
Бага гарчгийн мэдээ Red level
260 ## - ГАРАЛТЫН МЭДЭЭ
Хэвлэгдсэн газар Evanston, Illinois
Хэвлэлийн газар McDougal, Littell
Хэвлэгдсэн он 1985
300 ## - МАТЕРИАЛЫН ТОДОРХОЙЛОЛТ
хуудасны тоо 522
500 ## - Тайлбар
Дансны дугаар БС 3848
546 ## - ХЭЛНИЙ ТУХАЙ МЭДЭЭ
Хэл Англи хэл дээр,
653 ## - Түлхүүр үг
Түлхүүр үг reading
653 ## - Түлхүүр үг
Түлхүүр үг literature
653 ## - Түлхүүр үг
Түлхүүр үг stories
700 ## - ХАМ ЗОХИОГЧИД
Ба бус Trost, Mary Ann
942 ## - ЭЛЕМЕНТИЙН ТӨРӨЛ
Зүйлийн төрөл Ном